000 00362nam a2200133Ia 4500
008 151001s9999||||xx |||||||||||||| ||und||
100 _aताराशंकर बंद्योपाध्याय
245 _aगणदेवता
250 _a1
260 _bकेशरी प्रकाशन
260 _c1973
300 _a236
365 _b22
999 _c955950
_d955947